000 00455nam a22001817a 4500
003 MPLRDC
005 20220104123537.0
008 210129b ||||| |||| 00| 0 eng d
020 _a957-9219-55-9
082 _a411.3 HXN
100 _a黄宣能、朱大年、马贵同编著
245 _a进补要诀
_c
250 _a初版一刷
260 _a
_b香港得利书局
_c1990
300 _b
650 _a营养与食品
942 _cBK
_o411.3 HXN
999 _c12252
_d12242